[Event "Agartala Tripura Dutta Memorial 2nd"]
[Site "Agartala Tripura"]
[Date "2022.08.14"]
[Round "3"]
[White "Biswajit, Nag"]
[Black "Abhirup, Saikia"]
[Result "1-0"]
[WhiteElo "1830"]
[BlackElo "1439"]
[PlyCount "89"]
[EventDate "2022.08.13"]
[EventType "swiss"]
[EventRounds "10"]
[EventCountry "IND"]
[SourceTitle "EXT 2023"]
[Source "ChessBase"]
[SourceDate "2022.10.05"]
[SourceVersion "1"]
[SourceVersionDate "2022.10.05"]
[SourceQuality "1"]

1. b3 e5 2. Bb2 Nc6 3. e3 d6 4. Bb5 Bd7 5. Nf3 Nf6 6. d4 e4 7. Nfd2 Be7 8. c4 Nb4 9. Bxd7+ Qxd7 10. 0-0 0-0 11. Bc3 Nd3 12. Nxe4 Nxe4 13. Qxd3 f5 14. f3 Ng5 15. f4 Ne4 16. Nd2 Nxc3 17. Qxc3 Bf6 18. Qd3 Rae8 19. Rae1 Re7 20. Nf3 Rfe8 21. Re2 h6 22. Rfe1 Kh8 23. d5 g5 24. fxg5 hxg5 25. Nd4 Re5 26. Ne6 R8xe6 27. dxe6 Qxe6 28. e4 f4 29. Qf3 Kg7 30. Rd1 Qd7 31. Rd5 Re8 32. h4 Be5 33. hxg5 Rh8 34. Red2 Qe6 35. c5 Rh4 36. cxd6 cxd6 37. Qd3 Qg4 38. Rxe5 Qh5 39. Re7+ Kf8 40. Kf2 Rh1 41. Rh7 Qxh7 42. Qxd6+ Kg8 43. Qd8+ Kf7 44. Rd7+ Ke6 45. Rxh7 1-0

[Event "New Delhi Parsvnath op 6th"]
[Site "New Delhi"]
[Date "2008.01.13"]
[Round "1"]
[White "Biswajit, Nag"]
[Black "Girinath, PDS"]
[Result "0-1"]
[WhiteElo "1880"]
[BlackElo "2430"]
[PlyCount "60"]
[EventDate "2008.01.13"]
[EventType "swiss"]
[EventRounds "10"]
[EventCountry "IND"]
[SourceTitle "CBM 122 Extra"]
[Source "ChessBase"]
[SourceDate "2008.03.04"]
[SourceVersion "1"]
[SourceVersionDate "2008.03.04"]
[SourceQuality "1"]

1. e4 e6 2. d4 d5 3. Nd2 a6 4. Ngf3 c5 5. c3 Nc6 6. exd5 exd5 7. dxc5 Bxc5 8. Nb3 Bb6 9. Be2 Nf6 10. 0-0 0-0 11. Bg5 Re8 12. Re1 Bxf2+ 13. Kxf2 Ne4+ 14. Kg1 Nxg5 15. Nxg5 Qxg5 16. Bxa6 Bg4 17. Be2 h5 18. a3 Qe3+ 19. Kf1 Qf4+ 20. Kg1 Rxe2 21. Rxe2 Qa4 22. Kf2 Bxe2 23. Kxe2 Qf4 24. Qd3 Re8+ 25. Kd1 Re3 26. Qd2 Ne5 27. g3 Qf3+ 28. Kc1 Re2 29. Nd4 Qh1+ 30. Qd1 Nd3+ 0-1